00741nam a2200169Ia 4500008004100000020001800041041000800059082001700067100002500084245019500109250000600304260006500310300001400375650002900389999001900418952013400437210716s2012 xx 000 0 und d a9789350232194 aeng a004.607 BLAJ aBlanco, Jose Argudo. aJoomla 1.5 javascript jquery: enhance your joomla sites with the power of jquery extensions plugins and more.bEnhance your joomla sites with the power of jquery extensions plugins and more. a1 aNew DelhibShroff Publishers and Distributors Pvt Ltdc2012 aiv,278,11 aWeb Design & Development c194823d194823 001040708MCAaAIMITbAIMITeBiblios Book Pointg799.00l0o004.607 BLAJpMCA14331r2025-07-21 00:00:00v631.21w2021-07-16yBK